Armed conflicts in South Asia 2012 : (Record no. 76492)
[ view plain ]
| 000 -LEADER | |
|---|---|
| fixed length control field | 00819nam a22002297a 4500 |
| 005 - DATE AND TIME OF LATEST TRANSACTION | |
| control field | 20191210121331.0 |
| 010 ## - LCCN (DPL NO) | |
| LC control number | ENG-107568 B-731114 |
| 020 ## - INTERNATIONAL STANDARD BOOK NUMBER | |
| International Standard Book Number | 9780415830591 |
| Terms of availability | 695.00 |
| 035 ## - SYSTEM CONTROL NUMBER | |
| System control number | EN-91101 |
| 035 ## - SYSTEM CONTROL NUMBER | |
| System control number | B-731114 |
| 037 ## - SOURCE OF ACQUISITION | |
| Source of stock number/acquisition | DBAD/PUB |
| 082 ## - DEWEY DECIMAL CLASSIFICATION NUMBER | |
| Classification number | 355.020954 |
| 245 ## - TITLE STATEMENT | |
| Title | Armed conflicts in South Asia 2012 : |
| Statement of responsibility, etc | edited by D. Suba Chandran [and] P.R. Chari |
| Remainder of title | uneasy stasis and fragile peace / |
| 260 ## - PUBLICATION, DISTRIBUTION, ETC. (IMPRINT) | |
| Place of publication, distribution, etc | New Delhi |
| Name of publisher, distributor, etc | Routledge |
| Date of publication, distribution, etc | 2013 |
| 270 ## - ADDRESS | |
| Address | 912, Tolstoy House, 15-17 Tolstoy Marg, Connaught Place |
| City | New Delhi |
| Postal code | 110001 |
| 300 ## - PHYSICAL DESCRIPTION | |
| Extent | xiv,236p. |
| Dimensions | 22cm(Hb) |
| 500 ## - GENERAL NOTE | |
| General note | Includes index |
| 700 ## - ADDED ENTRY--PERSONAL NAME | |
| Personal name | Suba Chandran, D. |
| 700 ## - ADDED ENTRY--PERSONAL NAME | |
| Personal name | Chari, P.R. |
| 942 ## - ADDED ENTRY ELEMENTS (KOHA) | |
| Source of classification or shelving scheme | Dewey Decimal Classification |
| Item type | English Books |
| Call number suffix | ARM |
| Classification part | 355.020954 |
| Withdrawn status | Lost status | Not for loan | Collection code | Home library | Current library | Date acquired | Source of acquisition | Cost, normal purchase price | Full call number | Barcode | Copy number | Cost, replacement price | Koha item type |
|---|---|---|---|---|---|---|---|---|---|---|---|---|---|
| Non-fiction | Central Library | Central Library | 10/12/2019 | Gift/ Eng./13.11.2019 | 695.00 | 355.020954 ARM | B-731114 | 1 | 695.00 | English Books | |||
| Not For Loan | Non-fiction | D.B.Act.Division | D.B.Act.Division | 06/06/2013 | DBAD/PUB | 695.00 | 355.020954 ARM | EN-91101 | 1 | 695.00 | English Books |
